000 01788nam a2200493 i 4500
001 611
003 KOSZ 005
005 20200428101655.0
008 200428s1977 pl a f 000 0 pol
015 _aUWD 1977/4733
035 _a991017138729705066
035 _a(PL-WaBN)b14627474-48omnis_nlop
035 _ab14627474
035 _a(OCoLC)830295441
035 _a(PL)b0000001462747
035 _a(EXLNZ-48OMNIS_NETWORK)9910432109005606
040 _aWA N
_cWA N
_dKOSZ 005/RW
046 _k1977
080 _a624.012.4
080 _a(075.8)
100 1 _aGrabiec, Kalikst
_d(1920-2002)
_eAutor
245 1 0 _aProjektowanie konstrukcji betonowych i żelbetowych według metody stanów granicznych :
_b[skrypt dla studentów szkół technicznych] /
_cKalikst Grabiec.
250 _aWydanie 3 poprawione.
260 _aWarszawa ;
_aPoznań :
_bPaństwowe Wydawnictwo Naukowe,
_c1977.
300 _a365, [1] stron :
_bilustracje, tablice, wykresy ;
_c24 cm.
336 _aTekst
_btxt
_2rdacontent
337 _aBez urządzenia pośredniczącego
_bn
_2rdamedia
338 _aWolumin
_bnc
_2rdacarrier
380 _aKsiążki
380 _aPublikacje dydaktyczne
388 _a1901-2000
388 _a1945-1989
504 _aBibliografia na stronie [366].
521 8 _aSkrypt dla studentów wyższych szkół technicznych.
650 7 _aKonstrukcje betonowe
_2DBN
650 7 _aKonstrukcje żelbetowe
_2DBN
650 7 _aProjekty
655 7 _aPodręczniki akademickie
_2DBN
658 _aArchitektura i budownictwo
710 2 _aPaństwowe Wydawnictwo Naukowe
_4pbl
856 _uhttp://koha.tu.koszalin.pl/cgi-bin/koha/opac-detail.pl?biblionumber=611
_yKatalog online BPK
942 _2UKD
_cKS
999 _c611
_d611